LIBRARY & INFORMATION CENTRE, KCAET, TAVANUR

ONLINE PUBLIC ACCESS CATALOGUE (OPAC)

Ithu Bhoomiyanu / (Record no. 455)

MARC details
000 -LEADER
fixed length control field 00435cam a2200169ua 4500
003 - CONTROL NUMBER IDENTIFIER
control field OSt
008 - FIXED-LENGTH DATA ELEMENTS--GENERAL INFORMATION
fixed length control field 240115b |||||||| |||| 00| 0 eng d
041 ## - LANGUAGE CODE
Language code of text/sound track or separate title mal
082 ## - DEWEY DECIMAL CLASSIFICATION NUMBER
Classification number 894.812 2
Item number MUH/T
100 ## - MAIN ENTRY--AUTHOR NAME
Personal name Muhammed , K T .
245 ## - TITLE STATEMENT
Title Ithu Bhoomiyanu /
250 ## - EDITION STATEMENT
Edition statement /
260 ## - PUBLICATION, DISTRIBUTION, ETC. (IMPRINT)
Place of publication Kottayam :
Name of publisher Prabhatham printing and publishing co. pvt. ltd. ,
Year of publication 1960.
300 ## - PHYSICAL DESCRIPTION
Number of Pages 129.
650 ## - SUBJECT ADDED ENTRY--TOPICAL TERM
Topical Term Drama -Malayalam
942 ## - ADDED ENTRY ELEMENTS (KOHA)
Koha item type Books
Holdings
Withdrawn status Lost status Damaged status Home library Current library Date acquired Full call number Accession Number Koha item type
Withdrawn     KAUAET Sanskrit University 07/04/2012 894.812 2 233 Books
free website counter